[Event "Skakligaen 2019-20"]
[Site "Denmark"]
[Date "2019.11.24"]
[Round "2.6"]
[White "Smith, Axel"]
[Black "Jensen, Bjarke"]
[Result "1/2-1/2"]
[WhiteElo "2465"]
[BlackElo "2328"]
[PlyCount "80"]
[EventDate "2019.11.23"]
[EventType "team-tourn"]
[EventRounds "9"]
[WhiteTeam "Koge"]
[BlackTeam "Jetsmark"]
[WhiteTeamCountry "DEN"]
[BlackTeamCountry "DEN"]

1. Nf3 d5 2. c4 c6 3. e3 Nf6 4. Nc3 e6 5. b3 Bd6 6. Bb2 Qe7 7. Qc2 O-O 8. h3 e5
9. cxd5 Nxd5 10. Ne4 Bf5 11. a3 Nd7 12. d3 Bc7 13. Be2 Rad8 14. O-O Bg6 15. Nc3
Bb8 16. Rfd1 f5 17. Nd2 e4 18. dxe4 fxe4 19. Nf1 Qh4 20. Nxd5 Qxf2+ 21. Kh1
cxd5 22. Rxd5 Rc8 23. Qd2 Nf6 24. Rb5 Qh4 25. Rxb7 Rcd8 26. Qe1 Qh6 27. Rd1 Rd3
28. Qb4 Bd6 29. Qc4+ Kh8 30. Rxd3 exd3 31. Bxd3 Nh5 32. Kg1 Rxf1+ 33. Kxf1 Qxe3
34. Bxg7+ Nxg7 35. Bxg6 hxg6 36. Qh4+ Kg8 37. Qc4+ Kh7 38. Qh4+ Kg8 39. Qc4+
Kh7 40. Qh4+ Kg8 1/2-1/2

[Event "Skakligaen 2019-20"]
[Site "Denmark"]
[Date "2019.11.24"]
[Round "2.7"]
[White "Grubert, Christian"]
[Black "Percivaldi, Martin"]
[Result "0-1"]
[WhiteElo "2133"]
[BlackElo "2384"]
[PlyCount "104"]
[EventDate "2019.11.23"]
[EventType "team-tourn"]
[EventRounds "9"]
[WhiteTeam "Jetsmark"]
[BlackTeam "Koge"]
[WhiteTeamCountry "DEN"]
[BlackTeamCountry "DEN"]

1. e4 e6 2. d3 c5 3. Nf3 Nc6 4. g3 g6 5. Bg2 Bg7 6. O-O Nge7 7. c3 d6 8. Be3
O-O 9. d4 b6 10. Qd2 Bb7 11. Na3 cxd4 12. cxd4 Rc8 13. Rfd1 Qd7 14. Bh6 Na5 15.
Bxg7 Kxg7 16. Qe2 Qa4 17. Qb5 Qxb5 18. Nxb5 Rfd8 19. Ne1 a6 20. Nc3 Nc4 21. b3
Ne3 22. fxe3 Rxc3 23. Rac1 Rdc8 24. Rxc3 Rxc3 25. Nd3 a5 26. Rd2 Ba6 27. Bf1 f5
28. exf5 Nxf5 29. Kf2 d5 30. Nf4 Bxf1 31. Kxf1 Nxe3+ 32. Ke2 Kf6 33. Nd3 Nf5
34. Nf2 Ke7 35. Ng4 Kd6 36. Kf2 h5 37. Ne5 Nxd4 38. Nxg6 Nf3 39. Re2 Nxh2 40.
Nf4 Ng4+ 41. Kg2 e5 42. Nxh5 e4 43. Nf4 Ne3+ 44. Kf2 d4 45. Rd2 Ng4+ 46. Ke1 d3
47. Ne2 Rc8 48. Nf4 Ne5 49. Kd1 e3 50. Rxd3+ Nxd3 51. Nxd3 Kd5 52. Nb2 e2+ 0-1

[Event "Skakligaen 2019-20"]
[Site "Denmark"]
[Date "2019.11.24"]
[Round "2.8"]
[White "Antonsen, Mikkel"]
[Black "Wilbrandt, Simon Pil"]
[Result "1-0"]
[WhiteElo "2390"]
[BlackElo "2097"]
[PlyCount "79"]
[EventDate "2019.11.23"]
[EventType "team-tourn"]
[EventRounds "9"]
[WhiteTeam "Koge"]
[BlackTeam "Jetsmark"]
[WhiteTeamCountry "DEN"]
[BlackTeamCountry "DEN"]

1. Nf3 Nf6 2. g3 g6 3. b3 Bg7 4. Bb2 c5 5. c4 b6 6. Bg2 Bb7 7. O-O O-O 8. d4
cxd4 9. Qxd4 Nc6 10. Qf4 Rc8 11. Nc3 Qc7 12. Qd2 Rfd8 13. e4 e6 14. Nb5 Qb8 15.
Nd6 Rc7 16. Qf4 e5 17. Nxe5 Rf8 18. Nxc6 Rxc6 19. Nxb7 Qxb7 20. e5 Ne8 21. Rad1
Qc8 22. Bxc6 dxc6 23. Qd2 Qa6 24. a4 Nc7 25. Qd7 Ne6 26. Qxc6 Rc8 27. Qb5 Qb7
28. Qd5 Qb8 29. Rfe1 Rc5 30. Qe4 Ng5 31. Qg2 a6 32. h4 Ne6 33. Rd7 Bxe5 34. b4
Bxb2 35. bxc5 Nxc5 36. Rde7 Qd6 37. Qd5 Qf6 38. R1e3 Kg7 39. Ra7 Ne6 40. Rxe6
1-0

[Event "Skakligaen 2019-20"]
[Site "Denmark"]
[Date "2019.11.24"]
[Round "2.1"]
[White "Jacobsen, Mikkel Manosri"]
[Black "Hurtado, Javier Marchena"]
[Result "1-0"]
[WhiteElo "2330"]
[BlackElo "2356"]
[PlyCount "73"]
[EventDate "2019.11.23"]
[EventType "team-tourn"]
[EventRounds "9"]
[WhiteTeam "BMS"]
[BlackTeam "OBRO"]
[WhiteTeamCountry "DEN"]
[BlackTeamCountry "DEN"]

1. Nf3 Nf6 2. d4 g6 3. c4 Bg7 4. Nc3 O-O 5. Bg5 d6 6. e3 c5 7. d5 h6 8. Bh4 Qa5
9. Nd2 Bf5 10. f3 g5 11. Bf2 Nbd7 12. Be2 Qb6 13. Qc1 Ne5 14. e4 Bg6 15. h4 e6
16. Be3 g4 17. h5 Bxh5 18. f4 Ned7 19. Nf1 Bg6 20. f5 exf5 21. Bxh6 Bh8 22.
exf5 Bxf5 23. Bxf8 Rxf8 24. Ng3 Bg6 25. O-O Re8 26. Qd2 Ne5 27. Rf4 Qd8 28.
Raf1 Nh5 29. Nxh5 Qh4 30. Ne4 Bxe4 31. Rxe4 Qxh5 32. Bxg4 Nxg4 33. Rxe8+ Kh7
34. Qd3+ f5 35. Qxf5+ Qxf5 36. Rxf5 Bd4+ 37. Kf1 1-0

[Event "Skakligaen 2019-20"]
[Site "Denmark"]
[Date "2019.11.24"]
[Round "2.2"]
[White "Nielsen, Viktor Haarmark"]
[Black "Haubro, Martin"]
[Result "1-0"]
[WhiteElo "2268"]
[BlackElo "2358"]
[PlyCount "79"]
[EventDate "2019.11.23"]
[EventType "team-tourn"]
[EventRounds "9"]
[WhiteTeam "OBRO"]
[BlackTeam "BMS"]
[WhiteTeamCountry "DEN"]
[BlackTeamCountry "DEN"]

1. e4 c5 2. Nf3 d6 3. d4 cxd4 4. Nxd4 Nf6 5. f3 e5 6. Nb3 d5 7. Bg5 Be6 8. Bxf6
gxf6 9. exd5 Qxd5 10. Qxd5 Bxd5 11. Nc3 Bb4 12. O-O-O Bxb3 13. axb3 Bxc3 14.
bxc3 Ke7 15. Bc4 Nc6 16. Rd2 Rad8 17. Bd5 Rd7 18. Rhd1 Nd8 19. c4 Ne6 20. b4 h5
21. c5 Rc7 22. Kb2 h4 23. Bxe6 Kxe6 24. Kb3 Rhc8 25. Rd8 Ke7 26. Rxc8 Rxc8 27.
Kc4 a6 28. b5 axb5+ 29. Kxb5 Rc6 30. Re1 Ra6 31. Kb4 Ra8 32. Re2 Ke6 33. Rd2
Ke7 34. Kb5 Ra6 35. g3 hxg3 36. hxg3 f5 37. c3 Rg6 38. Rg2 Ke6 39. Kc4 e4 40.
f4 1-0

[Event "Skakligaen 2019-20"]
[Site "Denmark"]
[Date "2019.11.24"]
[Round "2.3"]
[White "Sahl, Bjarke"]
[Black "Rasmussen, Casper Dahl"]
[Result "1-0"]
[WhiteElo "2326"]
[BlackElo "2304"]
[PlyCount "65"]
[EventDate "2019.11.23"]
[EventType "team-tourn"]
[EventRounds "9"]
[WhiteTeam "BMS"]
[BlackTeam "OBRO"]
[WhiteTeamCountry "DEN"]
[BlackTeamCountry "DEN"]

1. e4 e5 2. Nf3 Nf6 3. Nc3 Nc6 4. Bb5 Bb4 5. O-O O-O 6. Nd5 Nxd5 7. exd5 e4 8.
dxc6 exf3 9. Qxf3 dxc6 10. Be2 Qh4 11. c3 Bd6 12. g3 Qh3 13. d4 Re8 14. Be3 Bf5
15. Qg2 Re7 16. Bf3 Rae8 17. Rfd1 Qxg2+ 18. Kxg2 Be4 19. c4 Re6 20. c5 Be7 21.
Bxe4 Rxe4 22. Rac1 f5 23. d5 cxd5 24. Rxd5 Bf6 25. Rxf5 Bxb2 26. Rb1 Be5 27.
Rxb7 g6 28. Rf3 a5 29. Bh6 Re2 30. a4 Re4 31. Ra7 Rxa4 32. Re3 Kf7 33. f4 1-0

[Event "Skakligaen 2019-20"]
[Site "Denmark"]
[Date "2019.11.24"]
[Round "2.4"]
[White "Larsen, Karsten"]
[Black "Vesterli, Michael E"]
[Result "1-0"]
[WhiteElo "2259"]
[BlackElo "2234"]
[PlyCount "130"]
[EventDate "2019.11.23"]
[EventType "team-tourn"]
[EventRounds "9"]
[WhiteTeam "OBRO"]
[BlackTeam "BMS"]
[WhiteTeamCountry "DEN"]
[BlackTeamCountry "DEN"]

1. e4 c5 2. Nf3 Nc6 3. Bb5 d6 4. O-O e5 5. c3 a6 6. Bxc6+ bxc6 7. d4 cxd4 8.
cxd4 Qc7 9. h3 Nf6 10. Nc3 Be7 11. Be3 O-O 12. Rc1 Qb8 13. Qc2 Be6 14. Rfd1 Rc8
15. dxe5 dxe5 16. Ng5 Bd7 17. Na4 Bd8 18. Nc5 Be8 19. Nf3 Be7 20. Nh4 g6 21.
Nf3 Kg7 22. Rd2 Qc7 23. Rcd1 Rcb8 24. Qc4 Rb5 25. Rc2 Qb8 26. b3 Rb4 27. Qd3
Rb5 28. Rc4 a5 29. Rdc1 Qc7 30. Ra4 Bd6 31. Rac4 Rd8 32. Qc2 Qe7 33. Qc3 Nd7
34. Nxd7 Bxd7 35. Bc5 f6 36. Qe3 Ra8 37. Qc3 Be8 38. Rc2 Bxc5 39. Rxc5 a4 40.
b4 a3 41. Ne1 Rxc5 42. bxc5 Qb7 43. Nd3 Bf7 44. f4 exf4 45. e5 Qe7 46. Re2 fxe5
47. Rxe5 Qf6 48. Nxf4 Re8 49. Nd3 Bd5 50. Kh2 Be4 51. Qd4 Bxd3 52. Qd7+ Qf7 53.
Qxe8 Qxe8 54. Rxe8 Bc4 55. Ra8 Bxa2 56. Rxa3 Bd5 57. Re3 h5 58. Kg1 h4 59. Kf2
Kf6 60. Re8 Be6 61. Rh8 Ke5 62. Rxh4 Kd5 63. Rf4 Kxc5 64. Ke3 Kd5 65. h4 c5 1-0

[Event "Skakligaen 2019-20"]
[Site "Denmark"]
[Date "2019.11.24"]
[Round "2.5"]
[White "Seegert, Kristian"]
[Black "Simonsen, Carsten"]
[Result "0-1"]
[WhiteElo "2234"]
[BlackElo "2232"]
[PlyCount "146"]
[EventDate "2019.11.23"]
[EventType "team-tourn"]
[EventRounds "9"]
[WhiteTeam "BMS"]
[BlackTeam "OBRO"]
[WhiteTeamCountry "DEN"]
[BlackTeamCountry "DEN"]

1. e4 e5 2. Nf3 Nc6 3. Bc4 Bc5 4. O-O Nf6 5. d3 O-O 6. a4 a6 7. h3 d5 8. exd5
Nxd5 9. Nc3 Nxc3 10. bxc3 Qf6 11. Ng5 Qg6 12. Kh1 h6 13. Ne4 Bb6 14. Ba3 Re8
15. Qf3 Be6 16. Bxe6 Qxe6 17. Nc5 Bxc5 18. Bxc5 b6 19. Ba3 Rad8 20. Rfe1 Qd5
21. Re4 Re6 22. c4 Qa5 23. Qd1 Qc3 24. Ra2 f5 25. Qe1 Qxe1+ 26. Rxe1 Kf7 27. f3
e4 28. dxe4 fxe4 29. fxe4 Rd4 30. c5 Rxa4 31. cxb6 cxb6 32. Raa1 Rexe4 33. Rf1+
Kg6 34. Rad1 Rad4 35. Rb1 b5 36. Rb3 Rd5 37. Bc1 Rd7 38. Rg3+ Kh7 39. Bb2 Re2
40. Rc3 Na5 41. Ba3 Nc4 42. Bc5 Nd2 43. Rd1 Rc7 44. Re3 Rxe3 45. Bxe3 Ne4 46.
Ra1 Rc6 47. Kg1 Nf6 48. Kf1 Nd5 49. Bd4 Nb4 50. c3 Nc2 51. Ra2 Nxd4 52. cxd4
Kg6 53. Ke2 Kf5 54. Kd3 Rb6 55. Re2 b4 56. Kc4 b3 57. Rb2 Ke6 58. Kc5 Rb8 59.
Kc6 Rc8+ 60. Kb7 Rc3 61. Kxa6 Kd5 62. Kb5 Kxd4 63. Kb4 Rc7 64. Rd2+ Ke3 65. Rb2
Rb7+ 66. Kc4 Kf4 67. Kd5 g5 68. Kd4 h5 69. Kd5 h4 70. Kd4 Rd7+ 71. Kc4 Kg3 72.
Re2 Rf7 73. Kxb3 Rf2 0-1

[Event "Skakligaen 2019-20"]
[Site "Denmark"]
[Date "2019.11.24"]
[Round "2.6"]
[White "Jorgensen, Brian Jorgen"]
[Black "Nielsen, Thomas Bach"]
[Result "1-0"]
[WhiteElo "2219"]
[BlackElo "2119"]
[PlyCount "81"]
[EventDate "2019.11.23"]
[EventType "team-tourn"]
[EventRounds "9"]
[WhiteTeam "OBRO"]
[BlackTeam "BMS"]
[WhiteTeamCountry "DEN"]
[BlackTeamCountry "DEN"]

1. d4 f5 2. g3 Nf6 3. Bg2 g6 4. Nf3 Bg7 5. O-O O-O 6. b3 d6 7. Bb2 Nc6 8. d5
Na5 9. c4 c5 10. Nc3 a6 11. Nd2 Rb8 12. Qc2 b5 13. e3 bxc4 14. bxc4 e5 15. Ne2
g5 16. Bc3 Bd7 17. Rab1 Qc7 18. Rxb8 Rxb8 19. Qc1 Ra8 20. Qa3 Nb7 21. Rb1 Ra7
22. f4 gxf4 23. exf4 e4 24. Nf1 Ng4 25. Bxg7 Kxg7 26. Qc3+ Kg6 27. h3 Nf6 28.
Ne3 Qa5 29. Qc2 h5 30. g4 hxg4 31. hxg4 Nd8 32. g5 Nh5 33. Bxe4 fxe4 34. Qxe4+
Kg7 35. f5 Qd2 36. f6+ Nxf6 37. gxf6+ Kxf6 38. Rf1+ Kg7 39. Qe7+ Kh6 40. Rf6+
Kg5 41. Qg7+ 1-0

[Event "Skakligaen 2019-20"]
[Site "Denmark"]
[Date "2019.11.24"]
[Round "2.7"]
[White "Liu, Casper Yukun"]
[Black "Schou Moldt, Thomas"]
[Result "0-1"]
[WhiteElo "2171"]
[BlackElo "2173"]
[PlyCount "54"]
[EventDate "2019.11.23"]
[EventType "team-tourn"]
[EventRounds "9"]
[WhiteTeam "BMS"]
[BlackTeam "OBRO"]
[WhiteTeamCountry "DEN"]
[BlackTeamCountry "DEN"]

1. d4 g6 2. e4 d6 3. Nc3 Nf6 4. Bc4 Nc6 5. Nf3 Bg4 6. Be3 a6 7. h3 Bxf3 8. Qxf3
Bg7 9. g4 O-O 10. O-O-O e5 11. d5 Nd4 12. Bxd4 exd4 13. Ne2 Qe7 14. Ng3 Qe5 15.
Rhe1 Nd7 16. h4 c5 17. dxc6 bxc6 18. Qd3 Rab8 19. Qd2 Qc5 20. Bb3 Qb6 21. Ne2
c5 22. c3 Ne5 23. Rh1 dxc3 24. Qxd6 c4 25. Qxb6 Rxb6 26. Bc2 Nxg4 27. Rhf1 Rxb2
0-1

[Event "Skakligaen 2019-20"]
[Site "Denmark"]
[Date "2019.11.24"]
[Round "2.8"]
[White "Bindzus, Niels"]
[Black "Haubro, Sigfred"]
[Result "1-0"]
[WhiteElo "2188"]
[BlackElo "2089"]
[PlyCount "75"]
[EventDate "2019.11.23"]
[EventType "team-tourn"]
[EventRounds "9"]
[WhiteTeam "OBRO"]
[BlackTeam "BMS"]
[WhiteTeamCountry "DEN"]
[BlackTeamCountry "DEN"]

1. e4 d5 2. exd5 Qxd5 3. Nf3 Nf6 4. d4 c6 5. Be2 Bf5 6. O-O e6 7. c4 Qd8 8. Nc3
Be7 9. Nh4 Bg6 10. Nxg6 hxg6 11. Be3 Bd6 12. g3 Qd7 13. f4 Qe7 14. Bf3 O-O 15.
Qb3 Qc7 16. Rac1 Nbd7 17. Rfd1 Rae8 18. Bf2 Rc8 19. Kg2 Be7 20. d5 e5 21. Be3
Bc5 22. Bxc5 Nxc5 23. Qa3 Ncd7 24. Qxa7 Ra8 25. Qe3 Rfe8 26. d6 Qa5 27. a3 exf4
28. Qxf4 g5 29. Qd4 Re5 30. Re1 Rae8 31. Rxe5 Rxe5 32. h3 Re6 33. Rf1 Ne5 34.
Ne4 Nxe4 35. Bxe4 c5 36. Qd5 Nc6 37. Qf5 Nd8 38. Qh7+ 1-0

[Event "Skakligaen 2019-20"]
[Site "Denmark"]
[Date "2019.11.24"]
[Round "2.1"]
[White "Ochsner, Bjorn Moller"]
[Black "Hector, Jonny"]
[Result "1/2-1/2"]
[WhiteElo "2491"]
[BlackElo "2478"]
[PlyCount "136"]
[EventDate "2019.11.23"]
[EventType "team-tourn"]
[EventRounds "9"]
[WhiteTeam "Skanderborg"]
[BlackTeam "Nordkalotten"]
[WhiteTeamCountry "DEN"]
[BlackTeamCountry "DEN"]

1. e4 e5 2. Nf3 Nc6 3. Bb5 a6 4. Ba4 Nf6 5. O-O Be7 6. Re1 b5 7. Bb3 Bb7 8. d3
O-O 9. Nc3 h6 10. a3 d6 11. Ba2 Qd7 12. Nh4 Nd4 13. Ng6 Rfe8 14. f4 Qg4 15.
Nxe7+ Rxe7 16. fxe5 dxe5 17. Qxg4 Nxg4 18. Bb1 c5 19. h3 Nf6 20. Ne2 Nxe2+ 21.
Rxe2 c4 22. Bd2 a5 23. Bc3 Nh5 24. dxc4 bxc4 25. Be1 Nf6 26. Ba2 Rc7 27. Bc3
Rc5 28. Rae1 Rd8 29. Kh2 g5 30. Re3 Kg7 31. Bb1 Rd7 32. b4 axb4 33. axb4 Rb5
34. Ba2 Rc7 35. Ba1 Nd7 36. Bc3 Nb6 37. Rd1 Rc8 38. Rd6 Ra8 39. Bxe5+ Rxe5 40.
Rxb6 Ba6 41. Ra3 Bb7 42. Rxa8 Bxa8 43. Bxc4 Bxe4 44. c3 Re7 45. Rd6 Rc7 46. Rd4
f5 47. b5 Kf6 48. b6 Rc8 49. Bd3 Bxd3 50. Rxd3 Ke6 51. c4 Rxc4 52. Rb3 Rc8 53.
Kg3 Rb8 54. Kf3 Kd5 55. Ke3 Kc4 56. Rb1 Rb7 57. Rc1+ Kd5 58. Rb1 Kc5 59. Kd3
Rxb6 60. Rxb6 Kxb6 61. Kd4 Kc6 62. Ke5 f4 63. h4 gxh4 64. Kxf4 Kd6 65. Kg4 Ke5
66. Kxh4 Kf4 67. Kh5 Kg3 68. Kxh6 Kxg2 1/2-1/2

[Event "Skakligaen 2019-20"]
[Site "Denmark"]
[Date "2019.11.24"]
[Round "2.2"]
[White "Brynell, Stellan"]
[Black "Olsen, Filip Boe"]
[Result "1-0"]
[WhiteElo "2412"]
[BlackElo "2348"]
[PlyCount "143"]
[EventDate "2019.11.23"]
[EventType "team-tourn"]
[EventRounds "9"]
[WhiteTeam "Nordkalotten"]
[BlackTeam "Skanderborg"]
[WhiteTeamCountry "DEN"]
[BlackTeamCountry "DEN"]

1. d4 Nf6 2. Nf3 d5 3. c4 e6 4. e3 a6 5. Nc3 dxc4 6. Bxc4 b5 7. Bb3 Bb7 8. O-O
Nbd7 9. Qe2 c5 10. Rd1 Qb6 11. d5 c4 12. dxe6 fxe6 13. Bc2 Qc6 14. e4 Bc5 15.
Nd4 Bxd4 16. Rxd4 e5 17. Rd1 Nc5 18. Nd5 Rd8 19. Bg5 Nxd5 20. Bxd8 Nf4 21. Qe3
Ncd3 22. Bxd3 Nxd3 23. Rxd3 cxd3 24. Qxd3 Qxe4 25. Qxe4 Bxe4 26. Bc7 Kf7 27. f3
Bd5 28. Bxe5 Rc8 29. Bc3 g6 30. Rd1 Be6 31. a3 Rc6 32. g4 h5 33. h3 Bb3 34.
Rd7+ Ke6 35. Rg7 Bc2 36. gxh5 gxh5 37. Rg5 h4 38. Rg4 Rc4 39. Rxc4 bxc4 40. Be1
Kf5 41. Bxh4 a5 42. Kf2 a4 43. Ke3 Kg6 44. Bd8 Bf5 45. h4 Bc2 46. Kf4 Bb1 47.
Ke5 Kh5 48. Bg5 Bc2 49. Kd4 Bb3 50. f4 Kg4 51. Kc3 Ba2 52. Kb4 Bb3 53. Kb5 Bc2
54. Kxc4 Bb3+ 55. Kd4 Bf7 56. Ke5 Bg6 57. Kf6 Bc2 58. Ke6 Bb3+ 59. Ke5 Bc2 60.
Kd4 Bb3 61. Kc3 Bf7 62. b4 axb3 63. a4 Kf5 64. a5 Bc4 65. h5 Bg8 66. a6 Bf7 67.
h6 Kg6 68. a7 Bd5 69. f5+ Kh7 70. f6 Kg6 71. Kb2 Kh7 72. f7 1-0

[Event "Skakligaen 2019-20"]
[Site "Denmark"]
[Date "2019.11.24"]
[Round "2.3"]
[White "Pedersen, Nicolai Vesterbaek"]
[Black "Hove, Esben Kjems"]
[Result "1-0"]
[WhiteElo "2391"]
[BlackElo "2323"]
[PlyCount "93"]
[EventDate "2019.11.23"]
[EventType "team-tourn"]
[EventRounds "9"]
[WhiteTeam "Skanderborg"]
[BlackTeam "Nordkalotten"]
[WhiteTeamCountry "DEN"]
[BlackTeamCountry "DEN"]

1. c4 Nf6 2. Nc3 e5 3. g3 d6 4. Bg2 c6 5. d4 Be7 6. e4 O-O 7. Nge2 Nbd7 8. O-O
a6 9. f4 Qc7 10. c5 exd4 11. cxd6 Bxd6 12. Nxd4 Bc5 13. Be3 Nb6 14. Nc2 Qe7 15.
Kh1 Ng4 16. Bxc5 Qxc5 17. Qe2 Qc4 18. Qf3 f6 19. Rad1 Nh6 20. h3 Qf7 21. Qf2
Qc7 22. Qc5 Nd7 23. Qe7 Rf7 24. Qb4 b5 25. g4 a5 26. Qd6 Nf8 27. e5 Ra6 28.
Qxc7 Rxc7 29. exf6 gxf6 30. Ne4 Kg7 31. Rd6 c5 32. Nxf6 Rxd6 33. Ne8+ Kg8 34.
Nxd6 Be6 35. b3 Rd7 36. Ne4 Rc7 37. f5 Bc8 38. Ne3 Bb7 39. Nf6+ Kf7 40. Ned5
Bxd5 41. Nxd5 Rc8 42. g5 Ng8 43. Bf3 Nd7 44. Bh5+ Kf8 45. f6 Ne5 46. Nf4 Rc6
47. Re1 1-0

[Event "Skakligaen 2019-20"]
[Site "Denmark"]
[Date "2019.11.24"]
[Round "2.4"]
[White "Sylvan, Jacob"]
[Black "Hansen, Mads"]
[Result "1/2-1/2"]
[WhiteElo "2323"]
[BlackElo "2408"]
[PlyCount "57"]
[EventDate "2019.11.23"]
[EventType "team-tourn"]
[EventRounds "9"]
[WhiteTeam "Nordkalotten"]
[BlackTeam "Skanderborg"]
[WhiteTeamCountry "DEN"]
[BlackTeamCountry "DEN"]

1. c4 e6 2. g3 d5 3. Bg2 Nf6 4. Nf3 Be7 5. O-O O-O 6. b3 Nbd7 7. Bb2 b6 8. Nc3
Bb7 9. Qc2 Re8 10. d4 a6 11. Rfd1 Bd6 12. Nd2 c5 13. cxd5 exd5 14. Nc4 dxc4 15.
Bxb7 Ra7 16. Bg2 cxb3 17. axb3 Qb8 18. Ne4 cxd4 19. Nxd6 Qxd6 20. Bxd4 Qe6 21.
e3 Ne5 22. Qe2 Qxb3 23. Rdb1 Qc4 24. Qxc4 Nxc4 25. Bf1 Nd2 26. Bxb6 Raa8 27.
Rb2 Nxf1 28. Kxf1 Reb8 29. Ra5 1/2-1/2

[Event "Skakligaen 2019-20"]
[Site "Denmark"]
[Date "2019.11.24"]
[Round "2.5"]
[White "Andersen, Jackie"]
[Black "Kristensen, Kaare Hove"]
[Result "1-0"]
[WhiteElo "2399"]
[BlackElo "2345"]
[PlyCount "39"]
[EventDate "2019.11.23"]
[EventType "team-tourn"]
[EventRounds "9"]
[WhiteTeam "Skanderborg"]
[BlackTeam "Nordkalotten"]
[WhiteTeamCountry "DEN"]
[BlackTeamCountry "DEN"]

1. f4 e5 2. fxe5 d6 3. Nf3 dxe5 4. e4 Bc5 5. c3 Nf6 6. Nxe5 O-O 7. d4 Nxe4 8.
Bf4 Bd6 9. Bd3 f6 10. Qb3+ Kh8 11. Nf7+ Rxf7 12. Qxf7 Bxf4 13. Bxe4 Bc1 14. a4
Bxb2 15. Ra2 Bc1 16. Re2 Na6 17. O-O Bh6 18. Rxf6 Bg4 19. Rxh6 gxh6 20. Qxh7#
1-0

[Event "Skakligaen 2019-20"]
[Site "Denmark"]
[Date "2019.11.24"]
[Round "2.6"]
[White "Jakobsen, Peter"]
[Black "Rostgaard, Tobias Valentin"]
[Result "0-1"]
[WhiteElo "2211"]
[BlackElo "2357"]
[PlyCount "84"]
[EventDate "2019.11.23"]
[EventType "team-tourn"]
[EventRounds "9"]
[WhiteTeam "Nordkalotten"]
[BlackTeam "Skanderborg"]
[WhiteTeamCountry "DEN"]
[BlackTeamCountry "DEN"]

1. d4 Nf6 2. c4 e6 3. Nf3 Bb4+ 4. Bd2 c5 5. Bxb4 cxb4 6. g3 O-O 7. Bg2 d6 8.
O-O Nc6 9. a3 bxa3 10. Rxa3 e5 11. Nc3 Bg4 12. d5 Bxf3 13. Bxf3 Nb4 14. Qd2 a5
15. Na2 Nxa2 16. Rxa2 Qc7 17. Rc1 Nd7 18. b4 axb4 19. Rxa8 Rxa8 20. Qxb4 Nc5
21. Rb1 g6 22. h4 Qa5 23. Qxa5 Rxa5 24. Rb6 Ra1+ 25. Kh2 Ra6 26. Rb4 e4 27. Bg2
Kg7 28. g4 Kf6 29. Kg3 Ke5 30. e3 Ra2 31. Bf1 Ra1 32. Bg2 h6 33. g5 hxg5 34.
hxg5 Ra2 35. Bf1 Kf5 36. Bh3+ Kxg5 37. Bc8 Rxf2 38. Kxf2 Nd3+ 39. Kg3 Nxb4 40.
Bxb7 Nd3 41. Bc8 f5 42. Bd7 Kf6 0-1

[Event "Skakligaen 2019-20"]
[Site "Denmark"]
[Date "2019.11.24"]
[Round "2.7"]
[White "Brondt, Nicolai Kvist"]
[Black "Nielsen, Lars Aaes"]
[Result "1-0"]
[WhiteElo "2244"]
[BlackElo "2221"]
[PlyCount "81"]
[EventDate "2019.11.23"]
[EventType "team-tourn"]
[EventRounds "9"]
[WhiteTeam "Skanderborg"]
[BlackTeam "Nordkalotten"]
[WhiteTeamCountry "DEN"]
[BlackTeamCountry "DEN"]

1. Nf3 d5 2. d4 Nf6 3. c4 e6 4. g3 c5 5. Bg2 Nc6 6. O-O dxc4 7. Ne5 Bd7 8. Na3
cxd4 9. Naxc4 Be7 10. Bf4 Nd5 11. Nxc6 Bxc6 12. Qxd4 O-O 13. Rfd1 Nxf4 14. Qxf4
Qe8 15. Rac1 Bxg2 16. Kxg2 Qc6+ 17. Qf3 Rac8 18. Qxc6 Rxc6 19. Rd7 Bf6 20. Rxb7
a5 21. a4 g6 22. b3 Rd8 23. Kf3 Kg7 24. e3 Rc5 25. Ke2 Rdd5 26. Rd1 Bc3 27. e4
Rxd1 28. Kxd1 Kf6 29. Rb5 Rxb5 30. axb5 Ke7 31. e5 g5 32. g4 Kd7 33. Ke2 Kc7
34. Kd3 Be1 35. f3 Bf2 36. Nxa5 Kb6 37. Nc4+ Kc5 38. b6 Kd5 39. b4 Kc6 40. Ke4
Bxb6 41. Nxb6 1-0

[Event "Skakligaen 2019-20"]
[Site "Denmark"]
[Date "2019.11.24"]
[Round "2.8"]
[White "Ejsing, Esben"]
[Black "Pedersen, Jan Rode"]
[Result "1-0"]
[WhiteElo "2149"]
[BlackElo "2165"]
[PlyCount "103"]
[EventDate "2019.11.23"]
[EventType "team-tourn"]
[EventRounds "9"]
[WhiteTeam "Nordkalotten"]
[BlackTeam "Skanderborg"]
[WhiteTeamCountry "DEN"]
[BlackTeamCountry "DEN"]

1. g3 c5 2. Bg2 g6 3. e4 Bg7 4. d3 Nc6 5. f4 d6 6. Nf3 e6 7. c3 Nge7 8. Be3 O-O
9. h4 b6 10. h5 d5 11. e5 Ba6 12. Bf2 Rc8 13. Na3 d4 14. c4 b5 15. Kf1 bxc4 16.
Nxc4 Nb4 17. Ng5 Nf5 18. Be4 Nd5 19. Kg1 Bxc4 20. dxc4 Nde3 21. Qf3 h6 22. Nh3
Nxc4 23. hxg6 fxg6 24. Qb3 Nce3 25. Qxe6+ Rf7 26. Qxg6 Qb6 27. Qxb6 axb6 28. g4
Nxg4 29. Bd5 Rd8 30. Bxf7+ Kxf7 31. Kg2 Ke6 32. Kf3 Nxf2 33. Nxf2 Kd5 34. a4
Rf8 35. Ng4 Ra8 36. b3 Ke6 37. Nf2 Rf8 38. Nd3 Kd5 39. a5 b5 40. a6 Ra8 41. Rh5
Ne7 42. e6+ Kxe6 43. Rxc5 b4 44. a7 Kd7 45. Ra6 Nc8 46. Nxb4 Rxa7 47. Rd5+ Ke8
48. Rxa7 Nxa7 49. Nc2 Nc8 50. Ke4 Ne7 51. Rd6 Nc8 52. Ra6 1-0

[Event "Skakligaen 2019-20"]
[Site "Denmark"]
[Date "2019.11.24"]
[Round "2.1"]
[White "Petersen, Tom Petri"]
[Black "Hansen, Sune Berg"]
[Result "1/2-1/2"]
[WhiteElo "2309"]
[BlackElo "2574"]
[PlyCount "97"]
[EventDate "2019.11.23"]
[EventType "team-tourn"]
[EventRounds "9"]
[WhiteTeam "Nordre"]
[BlackTeam "Hillerod"]
[WhiteTeamCountry "DEN"]
[BlackTeamCountry "DEN"]

1. d4 Nf6 2. Bf4 c5 3. c3 Qb6 4. Qc2 Nc6 5. e3 g6 6. Nd2 cxd4 7. exd4 Bg7 8.
Ngf3 d6 9. h3 O-O 10. Be2 Bf5 11. Qb3 Qc7 12. O-O Rac8 13. Rfe1 a6 14. a4 e5
15. dxe5 dxe5 16. Bg3 Be6 17. Qa3 Rfe8 18. Bc4 Nd7 19. Bxe6 Rxe6 20. Ne4 h6 21.
Rad1 Rd8 22. Nd4 Ree8 23. Nxc6 Qxc6 24. Qb3 Nb6 25. Rxd8 Rxd8 26. Rd1 Rxd1+ 27.
Qxd1 Nxa4 28. Qd8+ Kh7 29. f3 Nxb2 30. Qe7 Qe6 31. Qxb7 Nc4 32. Bf2 f5 33. Nc5
Qd6 34. Qxa6 Qd1+ 35. Kh2 Nd2 36. h4 Nf1+ 37. Kh3 Nd2 38. Kh2 Nxf3+ 39. gxf3
Qxf3 40. Kg1 e4 41. Qb7 Qd1+ 42. Kg2 Qg4+ 43. Kf1 Qh3+ 44. Ke2 Qxc3 45. Qe7
Qf3+ 46. Kf1 Qh1+ 47. Ke2 Qf3+ 48. Kf1 Qh1+ 49. Ke2 1/2-1/2

[Event "Skakligaen 2019-20"]
[Site "Denmark"]
[Date "2019.11.24"]
[Round "2.2"]
[White "Schandorff, Lars"]
[Black "Sloth, Jorn"]
[Result "1/2-1/2"]
[WhiteElo "2480"]
[BlackElo "2313"]
[PlyCount "61"]
[EventDate "2019.11.23"]
[EventType "team-tourn"]
[EventRounds "9"]
[WhiteTeam "Hillerod"]
[BlackTeam "Nordre"]
[WhiteTeamCountry "DEN"]
[BlackTeamCountry "DEN"]

1. c4 c5 2. Nf3 g6 3. d4 cxd4 4. Nxd4 Nf6 5. Nc3 d5 6. cxd5 Nxd5 7. Ndb5 Nxc3
8. Qxd8+ Kxd8 9. Nxc3 Bg7 10. Bd2 Bd7 11. O-O-O Ke8 12. Nd5 Na6 13. e4 Rc8+ 14.
Kb1 Nc5 15. Bc3 Bxc3 16. Nxc3 Bc6 17. f3 Kf8 18. Bb5 Kg7 19. Rd2 Bxb5 20. Nxb5
a6 21. Nc3 Rhd8 22. Rhd1 Rxd2 23. Rxd2 Kf8 24. Nd5 Nd7 25. f4 e6 26. Nc3 Ke7
27. e5 Rc4 28. g3 g5 29. Rf2 gxf4 30. gxf4 f6 31. exf6+ 1/2-1/2

[Event "Skakligaen 2019-20"]
[Site "Denmark"]
[Date "2019.11.24"]
[Round "2.3"]
[White "Veng, Johnni"]
[Black "Borge, Nikolaj"]
[Result "0-1"]
[WhiteElo "2253"]
[BlackElo "2372"]
[PlyCount "80"]
[EventDate "2019.11.23"]
[EventType "team-tourn"]
[EventRounds "9"]
[WhiteTeam "Nordre"]
[BlackTeam "Hillerod"]
[WhiteTeamCountry "DEN"]
[BlackTeamCountry "DEN"]

1. e4 c5 2. Nf3 e6 3. d3 d6 4. g3 Nd7 5. Bg2 b5 6. O-O Bb7 7. Re1 Ngf6 8. Nbd2
Be7 9. c3 O-O 10. d4 e5 11. d5 c4 12. b3 cxb3 13. axb3 a5 14. Bf1 b4 15. cxb4
axb4 16. Rxa8 Qxa8 17. Nc4 Nc5 18. Bg5 Rd8 19. Bxf6 Bxf6 20. h4 Be7 21. Nfd2
Qa2 22. Qb1 Ra8 23. Qxa2 Rxa2 24. Rb1 f5 25. exf5 Bxd5 26. Ne3 Bf7 27. Ndc4 Ne4
28. Bg2 Nc3 29. Rb2 Rxb2 30. Nxb2 Bxb3 31. Nd3 d5 32. Nxe5 d4 33. Nf1 Bd6 34.
Nc6 Bc5 35. Nd2 Bc2 36. Na5 Bxf5 37. Ndb3 Bb6 38. Nc6 Be6 39. Ncxd4 Bxd4 40.
Nxd4 b3 0-1